PEDIATRICS DURG DOSES (Record no. 21897)

MARC details
000 -LEADER
fixed length control field 00341nam a22001577a 4500
003 - CONTROL NUMBER IDENTIFIER
control field SGT
020 ## - INTERNATIONAL STANDARD BOOK NUMBER
International Standard Book Number 9789390281312
082 ## - DEWEY DECIMAL CLASSIFICATION NUMBER
Classification number 610.743
Item number P21C
100 ## - MAIN ENTRY--PERSONAL NAME
Personal name CHATTRI, GL
245 ## - TITLE STATEMENT
Title PEDIATRICS DURG DOSES
250 ## - EDITION STATEMENT
Edition statement 4TH
260 ## - PUBLICATION, DISTRIBUTION, ETC. (IMPRINT)
Place of publication, distribution, etc INDIA
Name of publisher, distributor, etc JAYPEE PUB
Year of Publication 2021
300 ## - PAGE DESCRIPTION
No. of Pages 250
650 ## - SUBJECT ADDED ENTRY--TOPICAL TERM
Topical term or geographic name as entry element PEDIATRIC NURSING
942 ## - ADDED ENTRY ELEMENTS (KOHA)
Source of classification or shelving scheme Dewey Decimal Classification
Koha item type Books
942 ## - ADDED ENTRY ELEMENTS (KOHA)
-- 3
Holdings
Withdrawn status Lost status Source of classification or shelving scheme Damaged status Not for loan Collection code Home library Current library Shelving location Date acquired Vendor Name Cost, normal purchase price SGTU Bill Number Total Checkouts Full call number Accession No. (Barcode) Date last seen Date last borrowed Bill Date Koha item type
    Dewey Decimal Classification     NURSING SGT Medical Library SGT Medical Library Text Book 29/09/2021 JAYPEE PUB 550.00 SGTU N5/INV/-1/21-00077 1 610.743 P21C FN4281 14/10/2024 23/09/2024   Books
    Dewey Decimal Classification     NURSING SGT Medical Library SGT Medical Library Text Book 29/09/2021 JAYPEE PUB 550.00 SGTU N5/INV/-1/21-00077 1 610.743 P21C FN4282 13/01/2025 13/01/2025   Books
    Dewey Decimal Classification     NURSING SGT Medical Library SGT Medical Library Text Book 29/09/2021 JAYPEE PUB 550.00 SGTU N5/INV/-1/21-00077   610.743 P21C FN4283 29/09/2021     Books
    Dewey Decimal Classification     NURSING SGT Medical Library SGT Medical Library Text Book 29/09/2021 JAYPEE PUB 550.00 SGTU N5/INV/-1/21-00077 1 610.743 P21C FN4284 23/01/2023 26/09/2022   Books
    Dewey Decimal Classification     NURSING SGT Medical Library SGT Medical Library Text Book 29/09/2021 JAYPEE PUB 550.00 SGTU N5/INV/-1/21-00077   610.743 P21C FN4285 29/09/2021     Books